000 00228 a2200097 4500
001 47606
100 _aMacmillan N
245 _aRoyal air force in the world war
260 _aLondon
_bGeorge G harrap
_c
090 _c30619
_d30619
942 _aNUST-CAE
_cM
_c22913
999 _c282679
_d282679